000 00626nam a2200193Ii 4500
003 JO-AjNU
008 230605s9999||||xx |||||||||||||| ||und||
040 _aJO-AjNU
_bara
_erda
_cJO-AjNU
041 _aara
050 1 4 _aHB180.A7.N27.2008
100 3 _aناصف،ايمان عطية,
_eauthor
_932211
245 0 0 _aمبادىء الاقتصاد الكلي
264 3 1 _aالاسكندرية:المكتب الجامعي الحديث،2008
300 _a320ص
336 _atext
_btxt
_2rdacontent
337 _aunmediated
_bn
_2rdamedia
338 _avolume
_bnc
_2rdacarrier
650 4 _aالاقتصاد الكلي
_932212
999 _aA12976
_c16544
_d16544